Creo en la vida perdurable /
Estudio de escatología cristiana sobre lo que la fe dice en relación a la muerte, la vida eterna, el purgatorio, el infierno y el cielo.
Gespeichert in:
| 1. Verfasser: | |
|---|---|
| Format: | Buch |
| Sprache: | Spanisch |
| Veröffentlicht: |
Madrid, España :
Sociedad de Educación Atenas,
1957, c1957
|
| Ausgabe: | 4a edición |
| Schriftenreihe: | (Razonemos Nuestra Fe ; Serie I)
|
| Schlagworte: | |
| Tags: |
Keine Tags, Fügen Sie das erste Tag hinzu!
|
MARC
| LEADER | 00000nam^a2200000^a^4500 | ||
|---|---|---|---|
| 001 | 000417363 | ||
| 005 | 20250526000000.0 | ||
| 009 | 20260310122349.586 | ||
| 037 | |a Acervo ITESO - Biblioteca | ||
| 041 | |a ESP | ||
| 082 | |a 236. |b TIH | ||
| 100 | |a Tihamér, Tóth |e (autor) | ||
| 245 | 1 | 0 | |a Creo en la vida perdurable / |c T. Tihamér ; tr. por Antonio Sancho. |
| 250 | |a 4a edición | ||
| 264 | 4 | |a Madrid, España : |b Sociedad de Educación Atenas, |c 1957, c1957 | |
| 300 | |a 200 p. ; |c 22.0 cm. | ||
| 336 | |a texto |b txt |2 rdacontenido | ||
| 337 | |a sin mediación |b n |2 rdamedio | ||
| 338 | |a volumen |b nc |2 rdasoporte | ||
| 440 | 1 | |a (Razonemos Nuestra Fe ; |p Serie I) | |
| 500 | |a Traducción de: Hiszem az örök életet! | ||
| 520 | |a Estudio de escatología cristiana sobre lo que la fe dice en relación a la muerte, la vida eterna, el purgatorio, el infierno y el cielo. | ||
| 649 | |a XX | ||
| 650 | |a Muerte | ||
| 650 | |a Alma y Cuerpo | ||
| 650 | |a Vida después de la Muerte | ||
| 650 | |a Escatología (Filosofía) - |x Tema Principal | ||
| 650 | |a Teología Doctrinal | ||
| 650 | |a Catolicismo | ||
| 650 | |a Cristianismo | ||
| 650 | |a Religión | ||
| 910 | |a Fondo Alfonso de Alba Martín | ||
| 920 | |a Impresos - Libros | ||
| 930 | |a Libros Antiguos y Raros | ||
| 905 | |a 125 | ||
| 901 | |a 417363001 |b IT2 |c LRA |i D100522 |u 20250526 | ||
| 902 | |a https://opac.biblio.iteso.mx/vufind/Record/000417363 | ||